000 00445nam a2200169Ia 4500
003 GCL
008 140319s9999 xx 000 0 eng d
040 _aGCL /
_cGCL
082 0 4 _a759
_bM P
100 1 _aMANNERING, DOUGLAS
245 1 0 _aTHE PAINTINGS OF MATISSE: H. MATISSE /
_cMANNERING, DOUGLAS
260 _a[S.N] :
_bHAMLYN ،
_c1989
300 _a128
650 0 4 _aMATISSE, HENRI, 1869 - 1954
650 0 4 _aPAINTINGS
942 _2ddc
_cBK
999 _c24164
_d24164